000 01044cab a2200277 4500
001 ABS53021
008 090401t1995 xxu||||| |||| 00| 0 eng d
035 _a(Sirsi) u1380
041 _aeng
100 _aNewell, G.
245 4 _aThe role of international property in investment portfolios
260 _c1995
350 _a0
490 _aJournal of Property Finance
_v6(1) 1995, 55-63(9)
520 _aAnalysis of results from a survey examining the decision-making processes used in considering international property investment opportunities by institutional investors in South-East Asia, contrasting this with an earlier survey conducted for the UK/Netherlands.
650 _aFOREIGN INVESTMENT
650 _aINTERNATIONAL PROPERTY
650 _aINVESTMENT MARKET
650 _aINVESTMENT PORTFOLIOS
650 _aOVERSEAS PROPERTY INVESTMENT
650 _aSOUTHEAST ASIA
690 _aPROPERTY-COMMERCIAL PROPERTY-COMMERCIAL PROPERTY FINANCE AND INVESTMENT
700 _aWorzala, E.
942 _n0
948 _c04/03/1997
999 _c759
_d759